Dicho sea de paso: antología

محفوظ في:
التفاصيل البيبلوغرافية
المؤلف الرئيسي: Bertoni Lemus, Claudio (مؤلف)
التنسيق: كتاب
اللغة:الإسبانية
منشور في: Santiago Universidad Diego Portales 2006
سلاسل:Colección Poesía
الموضوعات:
الوسوم: إضافة وسم
لا توجد وسوم, كن أول من يضع وسما على هذه التسجيلة!

MARC

LEADER 00000cam a2200000 a 4500
001 UCJ2404
003 CL-VaPUC
008 061214e20060000CL |||||||||||||||||spa|d
020 |a 9567397783 
082 0 4 |a Ch861  |b BER  |2 21 
100 0 |a Bertoni Lemus, Claudio  |e author  |9 503404 
245 1 0 |a Dicho sea de paso: antología 
300 |a 215 p 
942 |c BK 
945 |d 20061214 00:00:00  |a jtorresc 
260 |a Santiago  |b Universidad Diego Portales  |c 2006 
650 0 |a Literatura chilena   |9 308278 
650 0 |a Poesías chilenas   |9 265280 
583 |a last modification  |c 20111212 09:52:24  |k Rodrigo Vera 
490 0 |a Colección Poesía 
999 |c 318705  |d 318703 
952 |0 0  |1 0  |4 0  |6 CH_861_000000000000000_BER_2006  |7 0  |8 A  |9 396720  |a BIBART  |b BIBART  |d 2019-11-22  |i 4306465  |o Ch861 BER 2006  |p 4306465  |r 2025-03-13  |w 2019-11-22  |y BK  |k ART 
952 |0 0  |1 0  |4 0  |6 CH_861_000000000000000_BER_2006  |7 0  |8 A  |9 396721  |a BIBCUR  |b BIBCUR  |d 2019-11-22  |i 4453085  |o Ch861 BER 2006  |p 4453085  |r 2025-04-22  |w 2019-11-22  |y BK  |k PER 
952 |0 0  |1 0  |4 0  |6 CH_861_000000000000000_BER_2006  |7 0  |8 A  |9 396722  |a BIBART  |b BIBART  |d 2019-11-22  |i 4812271  |o Ch861 BER 2006  |p 4812271  |r 2025-03-13  |w 2019-11-22  |y BK  |k ART 
952 |0 0  |1 0  |4 0  |6 CH_861_000000000000000_BER_2006  |7 0  |8 A  |9 396723  |a FDOPOS  |b BIBEDU  |d 2019-11-22  |i 481729K  |l 1  |o Ch861 BER 2006  |p 481729K  |q 2025-05-16  |r 2025-04-16  |s 2025-04-16  |w 2019-11-22  |y BK  |k DLH